00478 2200181 4500001002100000005001500021008004100036020001800077035001900095041000700114082000800121090001400129100001900143245006200162260003200224300001900256650002100275INLIS00000000001436220241224114729241224||||||||| | ||| |||| || |  a979-3168-00-5 0010-1224014362 aid0 a410 a410 EST a0 aEsther Kartika00aAku Suka Belajar:BAHASA INDONESIA:Untuk SD dan MI Kelas 4 ajakarta baratbAlbamac2006 a182hlm;18x25cm 0aBahasa Indonesia